Immigration Irland - Statistiken

Allgemein
  • Dieses Quiz wurde 68 mal gespielt
  • Das Durchschnittsergebnis liegt bei 14 aus 20
Antwortstatistiken
Platz Land Anzahl % Korrekt
2. Vereinigtes Königreich 103.113
100%
10. Deutschland 11.531
97%
12. Vereinigte Staaten 10.519
97%
9. Frankreich 11.661
95%
7. Spanien 12.112
92%
1. Polen 122.515
86%
20. Niederlande 4.313
83%
8. Italien 11.732
81%
11. Indien 11.465
78%
14. China 9.575
72%
19. Tschechien 4.928
72%
6. Brasilien 13.640
63%
18. Kroatien 5.285
63%
13. Slowakei 9.717
63%
4. Rumänien 29.186
61%
15. Ungarn 9.286
59%
3. Litauen 36.552
52%
5. Lettland 19.933
50%
16. Pakistan 7.351
42%
17. Nigeria 6.084
16%
Keine übereinstimmenden Quizze gefunden
Verteilung der Resultate
Anzahl Personen mit jedem Resultat
Perzentil nach korrekt beantworteten Fragen
Ihre Resultats-Entwicklung
Sie haben dieses Quiz noch nicht gespielt